[Event "FIRST SATURDAY TOURNAMENTS Budapest FMA-"]
[Site "Budapest"]
[Date "2012.02.09"]
[Round "6.3"]
[White "Darazs, Zoltan"]
[Black "Veliyev, Serdar"]
[Result "1-0"]
[WhiteElo "2101"]
[BlackElo "1986"]
[PlyCount "87"]
[EventDate "2012.02.04"]

1. e4 c6 2. d4 d5 3. Nc3 dxe4 4. Nxe4 Bf5 5. Ng3 Bg6 6. h4 h5 7. Nf3 Nf6 8. Ne5
Bh7 9. Be2 Nbd7 10. Nxd7 Qxd7 11. Nxh5 Nxh5 12. Bxh5 Bxc2 13. Bxf7+ Kxf7 14.
Qxc2 Qxd4 15. Be3 Qg4 16. Qb3+ Kg6 17. Qxb7 Rd8 18. Qxc6+ e6 19. Qc2+ Kf7 20.
g3 g5 21. Qc7+ Be7 22. O-O Rxh4 23. Bc5 Rdh8 24. Qxe7+ Kg6 25. Qb7 Rh1+ 26.
Qxh1 Rxh1+ 27. Kxh1 Qf3+ 28. Kh2 Qb7 29. Rae1 Kf7 30. b4 Qa6 31. Kg1 Qb5 32.
Re5 a5 33. a3 Qa4 34. bxa5 Qxa5 35. Rxg5 Qc3 36. Bb4 Qf6 37. Rg4 e5 38. Re4 Qf5
39. Rfe1 Kf6 40. Rxe5 Qc2 41. R5e2 Qb3 42. Re6+ Kg7 43. Rb6 Kf7 44. Re7+ 1-0

[Event "FIRST SATURDAY TOURNAMENTS Budapest FMA-"]
[Site "Budapest"]
[Date "2012.02.09"]
[Round "6.5"]
[White "Lakat, Gyula"]
[Black "Amangeldiyev, Gurbangeldi"]
[Result "0-1"]
[WhiteElo "1879"]
[BlackElo "1988"]
[PlyCount "74"]
[EventDate "2012.02.04"]

1. d4 d5 2. c4 e6 3. Nf3 Nf6 4. Nc3 Be7 5. cxd5 exd5 6. Bg5 O-O 7. e3 h6 8. Bh4
c6 9. Bd3 Bg4 10. h3 Bc8 11. O-O Ne4 12. Bxe7 Qxe7 13. Rc1 Nd7 14. Qe1 Re8 15.
Nd2 f5 16. Bxe4 fxe4 17. f4 exf3 18. Rxf3 Nf6 19. Qf2 Be6 20. Na4 Bf7 21. Nc5
Bg6 22. Rc3 Rac8 23. Rg3 Bh7 24. Nd3 Nh5 25. Ne5 Nxg3 26. Qxg3 Rf8 27. a3 c5
28. Ndf3 cxd4 29. Rxc8 Rxc8 30. exd4 Qe6 31. Kh2 Be4 32. Ne1 Qf6 33. Qe3 Rf8
34. Nd7 Qf4+ 35. Qxf4 Rxf4 36. Kg3 Rf1 37. Nf3 Bxf3 0-1

[Event "FIRST SATURDAY TOURNAMENTS Budapest FMA-"]
[Site "Budapest"]
[Date "2012.02.10"]
[Round "7.1"]
[White "Amangeldiyev, Gurbangeldi"]
[Black "Bayramsahedov, Rovshen"]
[Result "0-1"]
[WhiteElo "1988"]
[BlackElo "1987"]
[PlyCount "68"]
[EventDate "2012.02.04"]

1. d4 d5 2. c4 c6 3. e3 Nf6 4. Nc3 e6 5. Bd3 Nbd7 6. Nf3 dxc4 7. Bxc4 b5 8. Bd3
Bb7 9. O-O a6 10. e4 Be7 11. Bc2 O-O 12. e5 Ne8 13. Qd3 g6 14. Bh6 Ng7 15. a3
a5 16. Rfd1 b4 17. Ne4 Qb6 18. Nfg5 Rfd8 19. Qh3 Nf5 20. Nxh7 Kxh7 21. Bg5+ Kg8
22. Bxe7 Nxe7 23. Nf6+ Nxf6 24. exf6 Nd5 25. Qh6 Nxf6 26. Bxg6 Rxd4 27. Bc2
Rxd1+ 28. Rxd1 Qxf2+ 29. Kh1 Qxc2 30. Rf1 c5 31. Qg5+ Kf8 32. Qh6+ Ke8 33. Qh8+
Kd7 34. Qg7 Qxg2+ 0-1

[Event "FIRST SATURDAY TOURNAMENTS Budapest FMA-"]
[Site "Budapest"]
[Date "2012.02.10"]
[Round "7.2"]
[White "Arias Castanedo, Jacinto"]
[Black "Lakat, Gyula"]
[Result "1-0"]
[WhiteElo "1940"]
[BlackElo "1879"]
[PlyCount "93"]
[EventDate "2012.02.04"]

1. d4 e6 2. Nf3 d5 3. c4 Nf6 4. Bg5 Be7 5. Nc3 h6 6. Bf4 a6 7. c5 O-O 8. e3 Nh5
9. Bg3 Nxg3 10. hxg3 Nd7 11. b4 Bf6 12. Be2 c6 13. Nh4 g5 14. Nf3 e5 15. Rxh6
Kg7 16. Rh1 e4 17. Nd2 Rh8 18. Rg1 a5 19. b5 Nxc5 20. Qc2 Ne6 21. f3 Nxd4 22.
exd4 Bxd4 23. Rf1 e3 24. Nb3 Be5 25. O-O-O Qf6 26. Na4 Bf5 27. Bd3 cxb5 28. f4
Rac8 29. Nac5 gxf4 30. gxf4 Bd6 31. Bxf5 Rxc5 32. Nxc5 Qa1+ 33. Qb1 Qxb1+ 34.
Kxb1 e2 35. Nxb7 Bxf4 36. Nxa5 Bc7 37. Nb3 Be5 38. Bd3 exd1=Q+ 39. Rxd1 b4 40.
Be2 d4 41. Nxd4 Rc8 42. Bf3 Rc4 43. Nc6 Bc3 44. Ne7 Rc5 45. Nd5 b3 46. axb3 Be5
47. b4 1-0

[Event "FIRST SATURDAY TOURNAMENTS Budapest FMA-"]
[Site "Budapest"]
[Date "2012.02.10"]
[Round "7.3"]
[White "Veliyev, Serdar"]
[Black "Ortel, Endre"]
[Result "1/2-1/2"]
[WhiteElo "1986"]
[BlackElo "2286"]
[PlyCount "93"]
[EventDate "2012.02.04"]

1. d4 e6 2. c4 Nf6 3. Nc3 d5 4. Bg5 Be7 5. e3 h6 6. Bh4 O-O 7. Nf3 b6 8. cxd5
Nxd5 9. Bxe7 Qxe7 10. Bd3 Bb7 11. O-O Nd7 12. Rc1 c5 13. Nxd5 Bxd5 14. Bc4 Bxc4
15. Rxc4 b5 16. Rc3 c4 17. a4 a6 18. b3 Qb4 19. Qc2 Nb6 20. axb5 axb5 21. bxc4
Nxc4 22. Rb1 Qa5 23. h3 Na3 24. Rxa3 Qxa3 25. Rxb5 Rfc8 26. Rc5 Rxc5 27. dxc5
Rc8 28. c6 e5 29. Qf5 Qc1+ 30. Kh2 Qxc6 31. Nxe5 Qc7 32. f4 Re8 33. h4 Qe7 34.
h5 Qe6 35. Qxe6 Rxe6 36. Kg3 f6 37. Ng4 Ra6 38. f5 Kf7 39. Kf3 Ke7 40. Nf2 Kd6
41. Nd3 Ra3 42. Nf4 Ra7 43. g4 Ke5 44. Nd3+ Kd5 45. Nf4+ Ke5 46. Ng6+ Kd5 47.
Nf4+ 1/2-1/2

[Event "FIRST SATURDAY TOURNAMENTS Budapest FMA-"]
[Site "Budapest"]
[Date "2012.02.10"]
[Round "7.4"]
[White "Koczo, Kristof"]
[Black "Darazs, Zoltan"]
[Result "0-1"]
[WhiteElo "2152"]
[BlackElo "2101"]
[PlyCount "120"]
[EventDate "2012.02.04"]

1. d4 Nf6 2. c4 g6 3. Nc3 d5 4. cxd5 Nxd5 5. e4 Nxc3 6. bxc3 Bg7 7. Be3 c5 8.
Rc1 O-O 9. Qd2 Qa5 10. d5 e6 11. c4 Qxd2+ 12. Kxd2 b6 13. Bd3 Bb7 14. Ne2 Nd7
15. Nc3 Ne5 16. Be2 Ba6 17. Nb1 Rfd8 18. Ke1 exd5 19. exd5 Rab8 20. f4 Nd7 21.
a4 Re8 22. Kf2 Re7 23. Rhe1 Rbe8 24. Bf3 Rxe3 25. Rxe3 Bd4 26. Rcc3 Bxc4 27.
Na3 Ba6 28. d6 Re6 29. Nc2 Bxe3+ 30. Nxe3 Rxd6 31. Nd5 Bb7 32. Ne7+ Kf8 33.
Nxg6+ fxg6 34. Bxb7 Rd4 35. Kf3 Rxa4 36. Bc6 Rd4 37. Ra3 Rd6 38. Bb5 a5 39. Rb3
Ke7 40. g4 Rd4 41. Bxd7 Rxd7 42. Rxb6 Ra7 43. Rc6 a4 44. Rxc5 a3 45. Rc1 a2 46.
Ra1 Kd6 47. h4 h5 48. f5 gxf5 49. gxh5 Ke5 50. Re1+ Kf6 51. Ra1 Ra3+ 52. Kf4
Ra4+ 53. Kg3 Kg7 54. Kf3 Kh6 55. Kg3 Kxh5 56. Kf3 Kxh4 57. Rh1+ Kg5 58. Rg1+
Kf6 59. Ra1 Ke5 60. Re1+ Kd4 0-1

[Event "FIRST SATURDAY TOURNAMENTS Budapest FMA-"]
[Site "Budapest"]
[Date "2012.02.10"]
[Round "7.5"]
[White "Meredow, Shanepes"]
[Black "Juracsik, Jozsef"]
[Result "1/2-1/2"]
[WhiteElo "1860"]
[BlackElo "2155"]
[PlyCount "76"]
[EventDate "2012.02.04"]

1. e4 c5 2. Nc3 Nc6 3. f4 e6 4. Nf3 a6 5. a4 d5 6. d3 Nf6 7. e5 Nd7 8. g3 Be7
9. Bg2 O-O 10. O-O f6 11. exf6 Nxf6 12. Re1 Re8 13. Ng5 Bf8 14. Bd2 h6 15. Nf3
Rb8 16. Ne5 Bd6 17. Ng4 Bd7 18. Nxf6+ Qxf6 19. Qg4 Ne7 20. Bxd5 Nxd5 21. Nxd5
Qd4+ 22. Ne3 Qxb2 23. Nc4 Qd4+ 24. Be3 Qd5 25. Nb6 Qc6 26. Nxd7 Qxd7 27. Bf2
Bf8 28. Re4 Rbc8 29. Rae1 c4 30. Rxe6 cxd3 31. cxd3 Rxe6 32. Qxe6+ Qxe6 33.
Rxe6 Rd8 34. Rb6 Rxd3 35. Rxb7 Ra3 36. Rb8 Ra1+ 37. Kg2 Kf7 38. Rb7+ Ke8
1/2-1/2

[Event "FIRST SATURDAY TOURNAMENTS Budapest FMA-"]
[Site "Budapest"]
[Date "2012.02.11"]
[Round "8.1"]
[White "Bayramsahedov, Rovshen"]
[Black "Juracsik, Jozsef"]
[Result "0-1"]
[WhiteElo "1987"]
[BlackElo "2155"]
[PlyCount "58"]
[EventDate "2012.02.04"]

1. e4 c5 2. Nf3 d6 3. d4 cxd4 4. Nxd4 Nf6 5. Nc3 a6 6. Bg5 e6 7. f4 h6 8. Bh4
Qb6 9. a3 Nc6 10. Bf2 Qc7 11. Be2 Bd7 12. Nf3 b5 13. Qd2 Be7 14. h3 Bc8 15. O-O
Bb7 16. Rad1 O-O 17. Rfe1 Rfd8 18. Bd3 Nd7 19. f5 Nde5 20. Qf4 Nxf3+ 21. gxf3
Ne5 22. h4 Bf6 23. Kh1 exf5 24. Qxf5 Qc8 25. Qxc8 Raxc8 26. Kg2 Ng6 27. e5 Nf4+
28. Kg3 Bxe5 29. Kg4 h5+ 0-1

[Event "FIRST SATURDAY TOURNAMENTS Budapest FMA-"]
[Site "Budapest"]
[Date "2012.02.11"]
[Round "8.2"]
[White "Darazs, Zoltan"]
[Black "Meredow, Shanepes"]
[Result "0-1"]
[WhiteElo "2101"]
[BlackElo "1860"]
[PlyCount "68"]
[EventDate "2012.02.04"]

1. d4 Nf6 2. c4 g6 3. Nc3 Bg7 4. e4 d6 5. f3 O-O 6. Be3 Bd7 7. Qd2 a6 8. h4 Re8
9. Nge2 Nc6 10. h5 Nxh5 11. g4 Nf6 12. Ng3 e5 13. d5 Nd4 14. Be2 Re7 15. O-O-O
Ne8 16. Rh2 f6 17. Rdh1 Bh8 18. Bd1 c6 19. dxc6 bxc6 20. Rh6 Rg7 21. Bxd4 exd4
22. Qxd4 Rb8 23. c5 Be6 24. Bb3 Bxb3 25. axb3 Qe7 26. Qc4+ Qf7 27. Qxa6 Qxb3
28. Qa2 Qxa2 29. Nxa2 Rgb7 30. R6h2 f5 31. Nc3 Be5 32. gxf5 Bxg3 33. Rg2 Bf4+
34. Kb1 g5 0-1

[Event "FIRST SATURDAY TOURNAMENTS Budapest FMA-"]
[Site "Budapest"]
[Date "2012.02.11"]
[Round "8.4"]
[White "Lakat, Gyula"]
[Black "Veliyev, Serdar"]
[Result "0-1"]
[WhiteElo "1879"]
[BlackElo "1986"]
[PlyCount "24"]
[EventDate "2012.02.04"]

1. d4 Nf6 2. c4 g6 3. Nc3 Bg7 4. e4 d6 5. Be2 O-O 6. Be3 Nc6 7. h3 e5 8. Nf3
exd4 9. Nxd4 Bd7 10. Nxc6 Bxc6 11. Bf3 Re8 12. Bg5 Nxe4 0-1

[Event "FIRST SATURDAY TOURNAMENTS Budapest FMA-"]
[Site "Budapest"]
[Date "2012.02.11"]
[Round "8.5"]
[White "Amangeldiyev, Gurbangeldi"]
[Black "Arias Castanedo, Jacinto"]
[Result "1-0"]
[WhiteElo "1988"]
[BlackElo "1940"]
[PlyCount "173"]
[EventDate "2012.02.04"]

1. d4 d5 2. c4 e6 3. Nf3 Nf6 4. Qc2 Nbd7 5. Nc3 c6 6. Bg5 Be7 7. Bd2 O-O 8. e3
Re8 9. Bd3 Bd6 10. e4 dxe4 11. Nxe4 Nxe4 12. Bxe4 g6 13. c5 Be7 14. O-O-O Nf6
15. Bd3 Nd5 16. h4 Kg7 17. h5 Rh8 18. hxg6 hxg6 19. Ne5 Bf6 20. f4 Bxe5 21.
dxe5 Bd7 22. g4 Qc7 23. Qa4 b6 24. Be4 Rxh1 25. Rxh1 Rh8 26. Rxh8 Kxh8 27. Qa3
Kg7 28. Qh3 Qd8 29. f5 Qh8 30. f6+ Kg8 31. Bh6 Nxf6 32. exf6 Qxf6 33. cxb6 axb6
34. Bd2 e5 35. Qg2 Kg7 36. g5 Qe6 37. Bc3 Qxa2 38. Bxe5+ Kf8 39. Qh1 Qa1+ 40.
Kd2 Qa5+ 41. Bc3 Qxg5+ 42. Kc2 c5 43. Qh8+ Ke7 44. Qb8 Qh5 45. Bd3 Qd5 46. Qxb6
Ba4+ 47. Kd2 Bb3 48. Qc7+ Ke6 49. Qb6+ Kd7 50. Qa7+ Ke6 51. Qb6+ Kd7 52. Bf6 c4
53. Qd8+ Kc6 54. Qa8+ Kd6 55. Qd8+ Kc6 56. Qxd5+ Kxd5 57. Be2 Ke6 58. Bd4 f5
59. Ke3 g5 60. Bc3 f4+ 61. Ke4 Bc2+ 62. Kf3 Kf5 63. Bxc4 g4+ 64. Kf2 g3+ 65.
Kg2 Be4+ 66. Kh3 Bb7 67. Bd3+ Kg5 68. Be5 Bc8+ 69. Kg2 Bb7+ 70. Kg1 Kg4 71. b4
f3 72. Bd4 f2+ 73. Kf1 Kh3 74. Bf5+ Kh2 75. Bxf2 gxf2 76. Kxf2 Bc6 77. Ke3 Kg3
78. Be4 Bb5 79. Kd4 Kf4 80. Kc5 Ba4 81. Bd5 Bd7 82. Bc6 Bc8 83. b5 Ke5 84. Bg2
Bd7 85. b6 Bc8 86. Kc6 Ba6 87. Kc7 1-0

[Event "FIRST SATURDAY TOURNAMENTS Budapest FMA-"]
[Site "Budapest"]
[Date "2012.02.12"]
[Round "9.2"]
[White "Veliyev, Serdar"]
[Black "Amangeldiyev, Gurbangeldi"]
[Result "1-0"]
[WhiteElo "1986"]
[BlackElo "1988"]
[PlyCount "81"]
[EventDate "2012.02.04"]

1. d4 g6 2. c4 Bg7 3. Nc3 d6 4. e4 Nf6 5. Nf3 O-O 6. Be2 Bg4 7. h3 Bxf3 8. Bxf3
Nc6 9. O-O e5 10. d5 Ne7 11. Be3 Nd7 12. b4 f5 13. Bg5 h6 14. Bxe7 Qxe7 15. Rc1
a5 16. a3 b6 17. Qc2 Qg5 18. Nb5 Rfc8 19. h4 Qf6 20. h5 gxh5 21. Bxh5 Qg5 22.
Qe2 Nf6 23. Bf3 axb4 24. axb4 Ra4 25. Rb1 h5 26. Qc2 Raa8 27. exf5 Qf4 28. Rfe1
h4 29. Be4 Bh6 30. Re2 Kf7 31. Qd3 Ng4 32. g3 Qg5 33. gxh4 Qxh4 34. Qg3 Qh5 35.
Bg2 Rg8 36. Qh3 Qxh3 37. Bxh3 Nf6+ 38. Kf1 Bf4 39. Nxc7 Ra3 40. Bg2 Rc3 41. Nb5
1-0

[Event "FIRST SATURDAY TOURNAMENTS Budapest FMA-"]
[Site "Budapest"]
[Date "2012.02.12"]
[Round "9.4"]
[White "Meredow, Shanepes"]
[Black "Ortel, Endre"]
[Result "1/2-1/2"]
[WhiteElo "1860"]
[BlackElo "2286"]
[PlyCount "79"]
[EventDate "2012.02.04"]

1. e4 c5 2. Nc3 Nc6 3. g3 g6 4. Bg2 Bg7 5. Nge2 e6 6. O-O Nge7 7. d3 O-O 8. Be3
Nd4 9. Qd2 Rb8 10. f4 d6 11. Nd1 b5 12. c3 Nxe2+ 13. Qxe2 b4 14. c4 Nc6 15. e5
Bb7 16. Nf2 f5 17. exf6 Bxf6 18. Bxc5 dxc5 19. Qxe6+ Kg7 20. Bxc6 Qb6 21. Bd5
Qxe6 22. Bxe6 Bxb2 23. Rab1 Bd4 24. Rfe1 Rbd8 25. Bg4 Bxf2+ 26. Kxf2 Rxd3 27.
Rbd1 Rxd1 28. Rxd1 Rf7 29. Rd6 Rc7 30. Bf3 Bc8 31. g4 Kf7 32. h3 a5 33. Bd5+
Ke7 34. Rb6 a4 35. Ke3 Bd7 36. Kd2 Rc8 37. Rb7 Kd6 38. Rb6+ Ke7 39. Rb7 Kd6 40.
Rb6+ 1/2-1/2

[Event "FIRST SATURDAY TOURNAMENTS Budapest FMA-"]
[Site "Budapest"]
[Date "2012.02.12"]
[Round "9.5"]
[White "Juracsik, Jozsef"]
[Black "Darazs, Zoltan"]
[Result "1/2-1/2"]
[WhiteElo "2155"]
[BlackElo "2101"]
[PlyCount "23"]
[EventDate "2012.02.04"]

1. e4 e5 2. Nf3 Nc6 3. Bb5 a6 4. Ba4 Nf6 5. O-O Be7 6. Re1 b5 7. Bb3 d6 8. c3
O-O 9. h3 Na5 10. Bc2 c5 11. d3 d5 12. Qe2 1/2-1/2